000 00706cab a22001935a 4500
001 L145491
008 081015e20081010xxko f 000 0 eng d
035 _a(Sirsi) u145491
041 0 _aeng
100 1 _aCaplehorn, Peter
245 0 0 _aHouse doctor
_bhey, good looking
260 _c2008
490 0 _aBuilding
_v273 (8550) 10 October 2008, 97 (1)
520 _aPresents materials used for home interior finishes and discusses what should be expected from them as to aesthetics, durability, sustainability, fitness for purpose, and fixings.
590 _aKA
651 4 _aUnited Kingdom
_y
690 _aBUILT ENVIRONMENT-BUILDING ELEMENTS-PARTS OF BUILDING ELEMENTS-INTERNAL FINISHES
942 _n0
999 _c80835
_d80835